[Event "Quebec op"]
[Site "Montreal CAN"]
[Date "1992.08.02"]
[Round "2"]
[White "Barbeau, Sylvain"]
[Black "Grondin, Jean-Philippe"]
[Result "1-0"]
[WhiteElo "2386"]
[BlackElo "2008"]
[PlyCount "151"]
[EventDate "1992.08.01"]
[EventType "swiss"]
[EventRounds "8"]
[EventCountry "CAN"]

1. d4 d5 2. c4 e6 3. Nc3 Nf6 4. Nf3 Be7 5. Bg5 O-O 6. e3 Nbd7 7. Rc1 c6 8. Bd3
dxc4 9. Bxc4 Nd5 10. Bxe7 Qxe7 11. Ne4 b6 12. O-O Bb7 13. Bd3 Rfd8 14. a3 e5
15. Ng3 g6 16. Re1 N5f6 17. Bc4 h6 18. e4 c5 19. d5 Ne8 20. Qd2 Kh7 21. h3 Nd6
22. Nh2 Qg5 23. Qe2 a6 24. Bd3 b5 25. b3 Rdc8 26. Ngf1 Nb6 27. Nd2 Qe7 28. Qe3
Nd7 29. Ng4 Qg5 30. Qe2 h5 31. Ne3 Rab8 32. g3 Rf8 33. Nf3 Qe7 34. Nh4 Bc8 35.
Qf3 Nb7 36. Kh2 Nb6 37. Bb1 Bd7 38. Neg2 Rfc8 39. Qe3 Qd6 40. f4 c4 41. fxe5
Qxe5 42. Qxb6 Nc5 43. Qa5 Nxb3 44. Qc3 Qxc3 45. Rxc3 a5 46. Ne3 Nd2 47. Rec1 b4
48. axb4 axb4 49. Rxc4 Nxc4 50. Rxc4 Rxc4 51. Nxc4 Rc8 52. Nd2 Rc3 53. Nhf3 Bb5
54. Kg2 b3 55. Kf2 Kg7 56. Nd4 Ba4 57. e5 h4 58. gxh4 Rxh3 59. N4f3 Rh1 60. Ke3
Rc1 61. Be4 b2 62. d6 Kf8 63. e6 fxe6 64. Ne5 Bc2 65. Nxg6+ Ke8 66. Bc6+ Kd8
67. Ne5 Bg6 68. Ba4 Re1+ 69. Kf4 b1=Q 70. Nxb1 Rxb1 71. Kg5 Be8 72. Bxe8 Kxe8
73. Kf6 Rb7 74. d7+ Kd8 75. h5 Kc7 76. Ke7 1-0

[Event "Quebec op"]
[Site "Montreal CAN"]
[Date "1992.08.03"]
[Round "3"]
[White "Larochelle, Martial"]
[Black "Barbeau, Sylvain"]
[Result "0-1"]
[WhiteElo "2042"]
[BlackElo "2386"]
[PlyCount "68"]
[EventDate "1992.08.01"]
[EventType "swiss"]
[EventRounds "8"]
[EventCountry "CAN"]

1. e4 c5 2. Nc3 Nc6 3. Nge2 d6 4. g3 g6 5. Bg2 Bg7 6. O-O e6 7. d3 Nge7 8. Be3
Nd4 9. Rb1 Nec6 10. a3 a5 11. a4 O-O 12. Qd2 Nb4 13. Bxd4 cxd4 14. Nb5 Nc6 15.
c3 e5 16. cxd4 exd4 17. h3 Be6 18. b3 Qd7 19. Kh2 Rac8 20. f4 f5 21. Rfd1 Rfd8
22. Qb2 fxe4 23. dxe4 d3 24. Ned4 Nxd4 25. Nxd4 Rc2 26. Qxc2 dxc2 27. Nxc2 Rc8
28. Na3 Rc3 29. Nb5 Rxb3 30. Rbc1 Rxb5 31. axb5 Bb2 32. Rb1 Bc3 33. e5 d5 34.
Rb3 d4 0-1

[Event "Quebec op"]
[Site "Montreal CAN"]
[Date "1992.08.04"]
[Round "4"]
[White "Barbeau, Sylvain"]
[Black "Gulko, Boris"]
[Result "0-1"]
[WhiteElo "2386"]
[BlackElo "2620"]
[PlyCount "121"]
[EventDate "1992.08.01"]
[EventType "swiss"]
[EventRounds "8"]
[EventCountry "CAN"]

1. d4 d5 2. c4 c6 3. cxd5 cxd5 4. Nc3 Nf6 5. Bf4 Nc6 6. e3 e6 7. Nf3 Be7 8. Ne5
Qb6 9. Bb5 O-O 10. O-O Nxe5 11. Bxe5 a6 12. Bd3 Bd7 13. Qe2 Bc6 14. f3 Rac8 15.
Rfc1 Rfe8 16. Rc2 Nd7 17. Bg3 e5 18. Rac1 Rcd8 19. dxe5 Bc5 20. Nd1 f6 21. f4
fxe5 22. fxe5 Bf8 23. Bh4 Be7 24. Qh5 Nf8 25. Bg3 Bb5 26. Bxb5 axb5 27. Rf2 Ng6
28. Qf5 d4 29. exd4 Qxd4 30. Nc3 Rf8 31. Qc2 Nxe5 32. Kh1 b4 33. Rxf8+ Rxf8 34.
Ne2 Qe3 35. Rd1 Nd3 36. h3 Nf2+ 37. Bxf2 Qxf2 38. Qe4 Bc5 39. b3 Kh8 40. Qg4 b6
41. Rd7 Qf6 42. Rd1 Qe5 43. Ng3 Bd6 44. Rf1 Re8 45. Rf3 h5 46. Qg6 Re6 47. Qf7
Kh7 48. Nf1 Re7 49. Qc4 Rc7 50. Qd3+ g6 51. Qd1 Rc3 52. Rf7+ Kg8 53. Rf3 Kg7
54. Rd3 Be7 55. Rf3 Qc5 56. Qe2 Bd6 57. Qe4 Qe5 58. Qxe5+ Bxe5 59. Rxc3 bxc3
60. Ne3 Kf6 61. Nc2 0-1

[Event "Quebec op"]
[Site "Montreal CAN"]
[Date "1992.08.06"]
[Round "6"]
[White "Barbeau, Sylvain"]
[Black "Picard, Jean"]
[Result "1-0"]
[WhiteElo "2386"]
[BlackElo "1934"]
[PlyCount "107"]
[EventDate "1992.08.01"]
[EventType "swiss"]
[EventRounds "8"]
[EventCountry "CAN"]

1. d4 Nf6 2. Nf3 g6 3. Nc3 d5 4. Bf4 Bg7 5. e3 O-O 6. Be2 c5 7. O-O Ne4 8. Nxe4
dxe4 9. Ne5 Nd7 10. Nxd7 Qxd7 11. c3 Qc6 12. dxc5 Qxc5 13. Qa4 Qb6 14. Qxe4
Qxb2 15. Bf3 e5 16. Bg5 Be6 17. Be7 Rfe8 18. Bb4 Bxa2 19. Qxb7 Rad8 20. Qxa7
Rd2 21. Rad1 Red8 22. Rxd2 Qxd2 23. h3 Bb3 24. Qb7 e4 25. Bxe4 Bc4 26. Rb1 Be5
27. Bf3 Ba2 28. c4 Qc2 29. Re1 Qxc4 30. Qe4 Qxe4 31. Bxe4 Rb8 32. Bc5 Rb2 33.
Rd1 Bc3 34. Rd8+ Kg7 35. f4 h6 36. g4 Bb1 37. Bxb1 Rxb1+ 38. Kg2 Rb2+ 39. Kf3
Rh2 40. Kg3 Re2 41. h4 f5 42. h5 fxg4 43. Kxg4 gxh5+ 44. Kxh5 Rh2+ 45. Kg4 h5+
46. Kf5 Rg2 47. Be7 Kf7 48. Bg5 Ra2 49. e4 Be1 50. e5 Ra5 51. Rd7+ Kg8 52. Kg6
Ra6+ 53. Bf6 Ra8 54. Rh7 1-0

[Event "Quebec op"]
[Site "Montreal CAN"]
[Date "1992.08.07"]
[Round "7"]
[White "Barbeau, Sylvain"]
[Black "Delisle, Claude"]
[Result "1-0"]
[WhiteElo "2386"]
[BlackElo "2061"]
[PlyCount "67"]
[EventDate "1992.08.01"]
[EventType "swiss"]
[EventRounds "8"]
[EventCountry "CAN"]

1. d4 f5 2. g3 g6 3. Bg2 Nf6 4. c4 Bg7 5. Nc3 O-O 6. Nh3 d6 7. d5 c6 8. Nf4 e5
9. dxe6 Na6 10. Be3 Nc7 11. h3 g5 12. Nd3 Nxe6 13. Qd2 d5 14. cxd5 Nxd5 15.
Nxd5 cxd5 16. f4 d4 17. Bf2 gxf4 18. gxf4 Qb6 19. O-O Bd7 20. Ne5 Rad8 21. Bh4
Bf6 22. Bxf6 Rxf6 23. Kh2 Bc6 24. Rg1 Kh8 25. Bxc6 bxc6 26. Rg3 Nc5 27. Qc2 Ne4
28. Rg2 c5 29. Rag1 Qc7 30. Qc4 h6 31. b4 Rc8 32. bxc5 Nxc5 33. Rg8+ Kh7 34.
Qxc5 1-0

[Event "Laval IX"]
[Site "Laval CAN"]
[Date "1992.02.28"]
[Round "1"]
[White "Dion, Francis"]
[Black "Barbeau, Sylvain"]
[Result "0-1"]
[WhiteElo "1944"]
[BlackElo "2418"]
[PlyCount "90"]
[EventDate "1992.02.28"]
[EventType "swiss"]
[EventRounds "5"]
[EventCountry "CAN"]

1. e4 c5 2. Nf3 e6 3. d4 cxd4 4. Nxd4 a6 5. Nc3 Qc7 6. g3 Bb4 7. Bd2 Nf6 8. Bg2
O-O 9. O-O Bc5 10. Nb3 Be7 11. Bf4 d6 12. Qe2 Nc6 13. Rad1 Bd7 14. Nc5 Be8 15.
Nb3 Rc8 16. Bc1 b5 17. a3 Ne5 18. f4 Nc4 19. Rd3 a5 20. Re1 b4 21. axb4 axb4
22. Nd1 Nb6 23. Nd4 e5 24. Nf5 Bb5 25. Nxe7+ Qxe7 26. Be3 Na4 27. Qd2 Bxd3 28.
cxd3 Qb7 29. b3 Nc3 30. Nf2 Ra8 31. d4 Rfd8 32. fxe5 dxe5 33. d5 Ra3 34. Qc2 h6
35. Nd3 Ra2 36. Nb2 Ng4 37. Bc1 Qa7+ 38. Kh1 Nf2+ 39. Kg1 Nd3+ 40. Kf1 Nxe1 41.
Kxe1 Ra1 42. Nd3 Qg1+ 43. Bf1 Qe3+ 44. Be2 Nxe2 45. Qxe2 Rxc1+ 0-1

[Event "Laval IX"]
[Site "Laval CAN"]
[Date "1992.02.29"]
[Round "2"]
[White "Barbeau, Sylvain"]
[Black "Pouliot, Louis"]
[Result "1-0"]
[WhiteElo "2418"]
[BlackElo "1974"]
[PlyCount "77"]
[EventDate "1992.02.28"]
[EventType "swiss"]
[EventRounds "5"]
[EventCountry "CAN"]

1. d4 Nf6 2. Nf3 c5 3. e3 g6 4. c4 cxd4 5. exd4 d6 6. Be2 Bg7 7. O-O O-O 8. Nc3
Nc6 9. d5 Nb8 10. Nd4 a5 11. Re1 Na6 12. h3 Nc5 13. Bf1 Bd7 14. b3 Re8 15. Ba3
Qb6 16. Rc1 Nh5 17. Ncb5 Nf4 18. Rc2 g5 19. Kh2 h6 20. g3 Ng6 21. Bc1 e5 22.
dxe6 fxe6 23. Rd2 d5 24. Bg2 Bc6 25. Qc2 Nf8 26. Ba3 Ne4 27. Bxe4 dxe4 28. Nxc6
bxc6 29. Nd6 Red8 30. c5 Qa7 31. Rxe4 Qa6 32. Rde2 e5 33. Kg2 Ne6 34. Bb2 Nd4
35. Bxd4 exd4 36. Re7 d3 37. Rxg7+ Kxg7 38. Qc3+ Kg8 39. Re7 1-0

[Event "Laval IX"]
[Site "Laval CAN"]
[Date "1992.02.29"]
[Round "3"]
[White "Reeve, Jeff"]
[Black "Barbeau, Sylvain"]
[Result "1/2-1/2"]
[WhiteElo "2287"]
[BlackElo "2418"]
[PlyCount "35"]
[EventDate "1992.02.28"]
[EventType "swiss"]
[EventRounds "5"]
[EventCountry "CAN"]

1. e4 c5 2. Nf3 e6 3. d4 cxd4 4. Nxd4 a6 5. Bd3 g6 6. Be3 Bg7 7. c4 Ne7 8. Qd2
O-O 9. Nc3 d5 10. exd5 exd5 11. O-O dxc4 12. Bxc4 b5 13. Bb3 Bb7 14. Rfd1 Nbc6
15. Nxc6 Bxc6 16. Bd4 Bxd4 17. Qxd4 Qxd4 18. Rxd4 1/2-1/2

[Event "Ile-Jesus"]
[Site "Laval CAN"]
[Date "1991.11.23"]
[Round "2"]
[White "Barbeau, Sylvain"]
[Black "Grondin, Jean-Philippe"]
[Result "1-0"]
[WhiteElo "2415"]
[BlackElo "2012"]
[PlyCount "61"]
[EventDate "1991.11.22"]
[EventType "swiss"]
[EventRounds "5"]
[EventCountry "CAN"]

1. d4 d5 2. Bg5 c6 3. Nd2 Qb6 4. Ngf3 Bf5 5. e3 Nd7 6. Be2 e6 7. Nh4 h6 8. Nxf5
hxg5 9. Ng3 Bd6 10. c4 Bxg3 11. fxg3 Ndf6 12. c5 Qc7 13. O-O Nh6 14. a4 Nf5 15.
Ra3 O-O-O 16. Qe1 Rh6 17. Rf3 Rdh8 18. Nf1 g4 19. Rf4 g5 20. Rxg4 Nxg4 21. Bxg4
Kb8 22. b4 Ne7 23. b5 f5 24. Bf3 e5 25. Rb3 e4 26. Be2 f4 27. Bg4 Ng8 28. b6
Qd8 29. bxa7+ Ka8 30. exf4 gxf4 31. gxf4 1-0

[Event "Ile-Jesus"]
[Site "Laval CAN"]
[Date "1991.11.23"]
[Round "3"]
[White "Gravel, Simon M"]
[Black "Barbeau, Sylvain"]
[Result "1-0"]
[WhiteElo "2100"]
[BlackElo "2415"]
[PlyCount "121"]
[EventDate "1991.11.22"]
[EventType "swiss"]
[EventRounds "5"]
[EventCountry "CAN"]

1. e4 e5 2. f4 Bc5 3. Nf3 d6 4. Nc3 Nf6 5. Bc4 Nc6 6. d3 Bg4 7. Na4 Bb6 8. Nxb6
axb6 9. O-O Qe7 10. c3 O-O-O 11. h3 Bxf3 12. Qxf3 exf4 13. Bxf4 Ne5 14. Bxe5
dxe5 15. a4 Rd7 16. b4 c6 17. Rf2 Rhd8 18. Qe3 Kc7 19. Rfa2 Rd6 20. b5 cxb5 21.
Bxb5 Nd7 22. d4 exd4 23. cxd4 Nf6 24. e5 Rxd4 25. Qc3+ Kb8 26. exf6 Qxf6 27.
Qg3+ Ka7 28. Kh2 Rd1 29. Rxd1 Rxd1 30. Qc7 Rd6 31. Qc2 Rd5 32. Qf2 Rf5 33. Qg3
h5 34. Rd2 h4 35. Qd6 Qc3 36. Re2 Rf6 37. Qe5 Qc1 38. Re1 Qd2 39. Qe3 Qb4 40.
Re2 Rf5 41. Rd2 Qf8 42. Rd7 Qb8+ 43. Kg1 Qc8 44. Qd4 g5 45. Qd6 f6 46. Bc6 Rf4
47. Rxb7+ Qxb7 48. Bxb7 Kxb7 49. Qd7+ Kb8 50. Qe8+ Kc7 51. Qb5 Rd4 52. a5 Rd1+
53. Kf2 bxa5 54. Qxa5+ Kd6 55. Qa6+ Kc5 56. Qxf6 Rd2+ 57. Kf3 Rd3+ 58. Ke4 Rg3
59. Qe5+ Kc4 60. Qc7+ Kb4 61. Qxg3 1-0

[Event "Ile-Jesus"]
[Site "Laval CAN"]
[Date "1991.11.24"]
[Round "5"]
[White "Landry, Sylvain"]
[Black "Barbeau, Sylvain"]
[Result "0-1"]
[WhiteElo "1914"]
[BlackElo "2415"]
[PlyCount "105"]
[EventDate "1991.11.22"]
[EventType "swiss"]
[EventRounds "5"]
[EventCountry "CAN"]

1. e4 c5 2. Nf3 e6 3. d4 cxd4 4. Nxd4 a6 5. Bd3 g6 6. O-O Bg7 7. c3 Ne7 8. Na3
O-O 9. f4 Nec6 10. Nf3 b5 11. Nc2 d6 12. f5 Nd7 13. fxe6 fxe6 14. Ncd4 Nde5 15.
Ng5 Nxd4 16. Rxf8+ Qxf8 17. cxd4 Nxd3 18. Qxd3 h6 19. Nf3 Bb7 20. Be3 Rd8 21.
Nh4 g5 22. Rf1 Qe8 23. Nf3 Qg6 24. Nd2 Rd7 25. Qc3 Kh7 26. Re1 Rf7 27. Qa5 Bf8
28. a4 bxa4 29. Qxa4 g4 30. d5 exd5 31. exd5 Bg7 32. b3 Be5 33. Rf1 Rxf1+ 34.
Nxf1 Bxd5 35. Qxa6 Qc2 36. Qa7+ Kg6 37. Bf2 Qe4 38. Ne3 Bd4 39. Qa4 Kg5 40. h4+
gxh3 41. Qd7 Bxe3 42. Qg7+ Kh5 43. g4+ Qxg4+ 44. Qxg4+ Kxg4 45. Bxe3 Bxb3 46.
Kh2 d5 47. Bc5 Bc2 48. Bd4 Bf5 49. Bc5 Kf4 50. Bb6 Ke4 51. Kg3 d4 52. Bc7 d3
53. Kf2 0-1

[Event "Quebec op"]
[Site "Montreal CAN"]
[Date "1991.07.27"]
[Round "1"]
[White "Barbeau, Sylvain"]
[Black "Landry, Sylvain"]
[Result "1-0"]
[WhiteElo "2377"]
[BlackElo "1942"]
[PlyCount "77"]
[EventDate "1991.07.27"]
[EventType "swiss"]
[EventRounds "8"]
[EventCountry "CAN"]

1. d4 g6 2. Nf3 Bg7 3. Nc3 d6 4. e4 c6 5. h3 Nd7 6. a4 h5 7. Be3 Qa5 8. Be2 Nh6
9. Nd2 O-O 10. Nb3 Qc7 11. g4 f5 12. Qd2 Kh7 13. gxf5 gxf5 14. Rg1 Rg8 15.
O-O-O Nf6 16. Rxg7+ Rxg7 17. Bxh6 Rg6 18. Bg5 Nxe4 19. Nxe4 fxe4 20. Bxh5 Rg7
21. Qf4 Qd7 22. Bg4 Qe8 23. Qxe4+ Qg6 24. Qxg6+ Kxg6 25. Bxc8 Rxc8 26. h4 Rf8
27. f4 b6 28. Re1 Rff7 29. Nd2 Kf5 30. c3 Rh7 31. Kc2 Kg4 32. Re3 Kf5 33. Kd3
Rhg7 34. Ke2 Rh7 35. Kf3 Rhg7 36. Nf1 Rh7 37. h5 e5 38. dxe5 d5 39. e6 1-0

[Event "Quebec op"]
[Site "Montreal CAN"]
[Date "1991.07.28"]
[Round "2"]
[White "Vallieres, Mario"]
[Black "Barbeau, Sylvain"]
[Result "0-1"]
[WhiteElo "2046"]
[BlackElo "2377"]
[PlyCount "102"]
[EventDate "1991.07.27"]
[EventType "swiss"]
[EventRounds "8"]
[EventCountry "CAN"]

1. d4 g6 2. e4 Bg7 3. Nc3 c6 4. Be3 d5 5. e5 a5 6. Qd2 a4 7. a3 b5 8. Be2 Na6
9. Nf3 Nc7 10. O-O h5 11. b3 axb3 12. cxb3 Nh6 13. Rfc1 Bd7 14. a4 Nf5 15. Nd1
O-O 16. a5 f6 17. exf6 exf6 18. b4 Nd6 19. Bd3 Ne4 20. Qc2 Qe7 21. Rab1 Na6 22.
Qb3 Kh7 23. Nc3 Rfe8 24. Na2 Qf8 25. Qc2 Bh6 26. Re1 g5 27. Nxg5+ fxg5 28. f3
Bf5 29. fxe4 dxe4 30. Bf1 Qd6 31. Qd2 Qg6 32. Nc3 Rad8 33. Ne2 h4 34. Rbc1 Rd6
35. Rc2 Red8 36. Rec1 Nc7 37. Ra1 Nd5 38. Rc5 Nxe3 39. Qxe3 Bg7 40. Rac1 Bc8
41. R1c2 Rf8 42. Rc1 Bh6 43. Rd1 g4 44. Qa3 Qf7 45. g3 Qf2+ 46. Kh1 Rf3 47. Qa1
Rdf6 48. Nf4 hxg3 49. hxg3 Rxg3 50. Bg2 Rxg2 51. Nxg2 Bg5 0-1

[Event "Quebec op"]
[Site "Montreal CAN"]
[Date "1991.07.29"]
[Round "3"]
[White "Barbeau, Sylvain"]
[Black "Gagnon, Michel"]
[Result "1-0"]
[WhiteElo "2377"]
[BlackElo "2076"]
[PlyCount "97"]
[EventDate "1991.07.27"]
[EventType "swiss"]
[EventRounds "8"]
[EventCountry "CAN"]

1. d4 Nf6 2. Bg5 d5 3. Bxf6 exf6 4. e3 Bd6 5. Bd3 c6 6. Qf3 Nd7 7. Ne2 g6 8. e4
dxe4 9. Qxe4+ Kf8 10. Nd2 Kg7 11. O-O-O Re8 12. Qh4 f5 13. Qxd8 Rxd8 14. a3 Nf6
15. h3 c5 16. Nb3 cxd4 17. Nbxd4 Bc5 18. c3 Bd7 19. Bc2 a5 20. Rhe1 Re8 21. b4
axb4 22. axb4 Bb6 23. Kb2 Rad8 24. Rf1 Ne4 25. f3 Nf6 26. Bb3 Re3 27. Rd2 Ree8
28. Rfd1 Kg8 29. Nf4 Bc8 30. Nc2 Rxd2 31. Rxd2 Bc7 32. Nd5 Nxd5 33. Rxd5 Bf4
34. Ba4 Rf8 35. Nd4 Bc7 36. c4 Rd8 37. Rxd8+ Bxd8 38. Kc3 Kf8 39. c5 Bf6 40.
Bb3 g5 41. Bd5 Be5 42. Kc4 h5 43. Nb5 Ke7 44. Na7 Be6 45. b5 Bb8 46. b6 Kd7 47.
Nb5 Bg3 48. Nd4 Bf2 49. Nxe6 1-0

[Event "Quebec op"]
[Site "Montreal CAN"]
[Date "1991.07.30"]
[Round "4"]
[White "Spraggett, Grant"]
[Black "Barbeau, Sylvain"]
[Result "0-1"]
[WhiteElo "2320"]
[BlackElo "2377"]
[PlyCount "48"]
[EventDate "1991.07.27"]
[EventType "swiss"]
[EventRounds "8"]
[EventCountry "CAN"]

1. c4 e5 2. g3 Nc6 3. Bg2 g6 4. Nc3 Bg7 5. e3 d6 6. Nge2 Nh6 7. d3 O-O 8. Rb1
Be6 9. b4 Qd7 10. b5 Nd8 11. O-O Bh3 12. e4 Bxg2 13. Kxg2 Ne6 14. f3 f5 15. a4
Rf7 16. Qc2 Raf8 17. Be3 f4 18. gxf4 exf4 19. Bf2 Ng5 20. Ng1 Nxf3 21. Bxa7
Nxh2 22. Kxh2 f3 23. d4 Rf4 24. Qd3 Qg4 0-1

[Event "Quebec op"]
[Site "Montreal CAN"]
[Date "1991.07.31"]
[Round "5"]
[White "Barbeau, Sylvain"]
[Black "Barsov, Alexei"]
[Result "1/2-1/2"]
[WhiteElo "2377"]
[BlackElo "2477"]
[PlyCount "22"]
[EventDate "1991.07.27"]
[EventType "swiss"]
[EventRounds "8"]
[EventCountry "CAN"]

1. d4 e6 2. Nf3 d5 3. c4 Nf6 4. Nc3 Be7 5. Bg5 h6 6. Bh4 O-O 7. e3 b6 8. cxd5
Nxd5 9. Bxe7 Qxe7 10. Nxd5 exd5 11. Be2 Be6 1/2-1/2

[Event "Quebec op"]
[Site "Montreal CAN"]
[Date "1991.08.02"]
[Round "7"]
[White "Barbeau, Sylvain"]
[Black "Levtchouk, George"]
[Result "1-0"]
[WhiteElo "2377"]
[BlackElo "2291"]
[PlyCount "61"]
[EventDate "1991.07.27"]
[EventType "swiss"]
[EventRounds "8"]
[EventCountry "CAN"]

1. d4 g6 2. c4 Bg7 3. Nc3 d6 4. e4 Nf6 5. Bd3 O-O 6. Nge2 e5 7. d5 a5 8. h3 Na6
9. Be3 Nd7 10. O-O Nac5 11. Bc2 f5 12. exf5 gxf5 13. f4 e4 14. Bd4 Nf6 15. Qd2
Kh8 16. Nd1 c6 17. Ne3 Qe8 18. Rad1 Qg6 19. Bc3 cxd5 20. cxd5 a4 21. Rf2 Rg8
22. g3 Bd7 23. Rg2 Rae8 24. b4 axb3 25. axb3 Re7 26. Rf1 h5 27. g4 fxg4 28. f5
Qg5 29. hxg4 h4 30. Nf4 Be8 31. Nh3 1-0

[Event "Quebec op"]
[Site "Montreal CAN"]
[Date "1991.08.03"]
[Round "8"]
[White "Abreu Cordero, Jose"]
[Black "Barbeau, Sylvain"]
[Result "0-1"]
[WhiteElo "2080"]
[BlackElo "2377"]
[PlyCount "108"]
[EventDate "1991.07.27"]
[EventType "swiss"]
[EventRounds "8"]
[EventCountry "CAN"]

1. c4 e5 2. Nc3 Nc6 3. g3 g6 4. Bg2 Bg7 5. d3 d6 6. Nf3 Nf6 7. h3 h6 8. e4 Be6
9. Be3 Qd7 10. Qd2 Ng8 11. Ng1 f5 12. b3 Nge7 13. Nge2 g5 14. f3 Nd4 15. Bf2 c5
16. Nxd4 cxd4 17. Nd5 f4 18. gxf4 gxf4 19. Ke2 Rg8 20. Rag1 Bh8 21. Qa5 Nc6 22.
Qa3 Kf7 23. Bh4 Rac8 24. b4 b5 25. Qb3 Bxd5 26. cxd5 Ne7 27. Be1 Rc1 28. Bf1
Rgc8 29. h4 R1c2+ 30. Bd2 R8c3 31. Qb1 Qc7 32. Kd1 Rxd2+ 33. Kxd2 a5 34. Bh3
axb4 35. Be6+ Kf8 36. Rc1 Qc5 37. Ke2 h5 38. Rxc3 dxc3 39. Qg1 Bf6 40. Qxc5
dxc5 41. Bd7 Ng6 42. Bxb5 Nxh4 43. Rg1 Be7 44. Bd7 Kf7 45. Ba4 Bd8 46. Bb3 Ng6
47. Rc1 Kf6 48. a4 Ba5 49. Rg1 Ne7 50. Kf2 Ng6 51. d6 Nf8 52. Rg8 Ne6 53. Bxe6
c2 54. Rg1 Kxe6 0-1

[Event "Groupe Commerce"]
[Site "Thetford Mines CAN"]
[Date "1991.06.29"]
[Round "2"]
[White "Cazelais, Marc"]
[Black "Barbeau, Sylvain"]
[Result "1/2-1/2"]
[WhiteElo "2050"]
[BlackElo "2395"]
[PlyCount "131"]
[EventDate "1991.06.28"]
[EventType "swiss"]
[EventRounds "5"]
[EventCountry "CAN"]

1. e4 c5 2. Nf3 e6 3. d4 cxd4 4. Nxd4 a6 5. Bd3 Qc7 6. O-O Nf6 7. c4 Bc5 8. Nc2
b6 9. b4 Be7 10. Bb2 Nc6 11. a3 g5 12. Nd2 d6 13. Ne3 Ne5 14. Be2 Bb7 15. f3
Nfd7 16. Rc1 Bf6 17. Qb3 a5 18. Nb1 Nc6 19. Bxf6 Nxf6 20. Qb2 Ne5 21. Nc3 O-O
22. Nb5 Qb8 23. Rcd1 axb4 24. axb4 Nh5 25. Rxd6 Ng6 26. Ng4 Rd8 27. Rfd1 Rxd6
28. Nxd6 Kf8 29. Nf6 Nxf6 30. Qxf6 Qc7 31. Nxf7 Qxf7 32. Qxf7+ Kxf7 33. Rd7+
Kf6 34. Rxb7 Nf4 35. Bf1 Ra1 36. Rxb6 Ke5 37. c5 h5 38. Rb8 h4 39. g3 Nh3+ 40.
Kg2 g4 41. fxg4 Ng5 42. gxh4 Ra2+ 43. Kg3 Nxe4+ 44. Kf3 Nd2+ 45. Ke2 Ne4+ 46.
Ke3 Ra3+ 47. Bd3 Nf6 48. g5 Nd5+ 49. Kd2 Kd4 50. Bc2 Rh3 51. Rf8 Rxh2+ 52. Kc1
Ne3 53. Rd8+ Kc4 54. Rd2 Rh1+ 55. Bd1 Kxb4 56. g6 Kxc5 57. h5 Nf5 58. Rd7 Kc6
59. Rf7 Rg1 60. Kd2 Kd6 61. Bc2 Rg2+ 62. Kc3 Ne7 63. Rxe7 Kxe7 64. h6 Rxg6 65.
Bxg6 Kf6 66. Bh7 1/2-1/2

[Event "Groupe Commerce"]
[Site "Thetford Mines CAN"]
[Date "1991.06.29"]
[Round "2"]
[White "Reeve, Jeff"]
[Black "Barbeau, Sylvain"]
[Result "1-0"]
[WhiteElo "2201"]
[BlackElo "2395"]
[PlyCount "67"]
[EventDate "1991.06.28"]
[EventType "swiss"]
[EventRounds "5"]
[EventCountry "CAN"]

1. e4 e5 2. Nf3 Nc6 3. Bb5 Bc5 4. O-O Nd4 5. b4 Bxb4 6. Bc4 Nxf3+ 7. Qxf3 Qe7
8. c3 Bc5 9. d4 exd4 10. e5 c6 11. Bf4 b6 12. Nd2 Bb7 13. Ne4 O-O-O 14. cxd4
Bxd4 15. Nd6+ Kb8 16. Rae1 Nh6 17. Qd3 Bc5 18. Bxh6 gxh6 19. Nxf7 Rhf8 20. Nxd8
Rxd8 21. Ba6 Ba8 22. Kh1 Rg8 23. f3 Rg6 24. Re2 h5 25. Rd1 Kc7 26. Bc4 h4 27.
Qf5 Bb7 28. Qf7 Qxf7 29. Bxf7 Rg7 30. e6 dxe6 31. Bxe6 Bb4 32. h3 c5 33. Bg4
Bc3 34. Re6 1-0

[Event "Groupe Commerce"]
[Site "Thetford Mines CAN"]
[Date "1991.06.30"]
[Round "4"]
[White "Barbeau, Sylvain"]
[Black "Morin, Louis"]
[Result "1-0"]
[WhiteElo "2395"]
[BlackElo "1921"]
[PlyCount "83"]
[EventDate "1991.06.28"]
[EventType "swiss"]
[EventRounds "5"]
[EventCountry "CAN"]

1. d4 d5 2. Bg5 Nf6 3. Bxf6 exf6 4. e3 c5 5. dxc5 Bxc5 6. Nc3 Be6 7. Nf3 Nc6 8.
Qd2 Qd7 9. Bb5 a6 10. Ba4 O-O 11. Ne2 b5 12. Bb3 Ne5 13. Rd1 Rfd8 14. c3 Bb6
15. Nf4 Nc4 16. Qe2 Qc8 17. O-O Ra7 18. h3 Rad7 19. Nd4 Rd6 20. a3 Ne5 21. Bc2
Bxd4 22. Rxd4 Bf5 23. Bb3 Be6 24. Rfd1 Nc6 25. R4d2 Ne7 26. e4 d4 27. Nxe6 fxe6
28. Rxd4 Rxd4 29. Rxd4 Rxd4 30. cxd4 Qc1+ 31. Kh2 Qf4+ 32. g3 Qd6 33. e5 fxe5
34. Qxe5 Qxe5 35. dxe5 Kf7 36. f4 Nc6 37. Kg2 a5 38. Ba2 Ke7 39. Kf3 b4 40. Ke4
bxa3 41. bxa3 Na7 42. Bc4 1-0

[Event "Quebec-ch"]
[Site "Montreal CAN"]
[Date "1991.??.??"]
[Round "1"]
[White "Leveille, Francois"]
[Black "Barbeau, Sylvain"]
[Result "1-0"]
[WhiteElo "2325"]
[BlackElo "2385"]
[PlyCount "75"]
[EventDate "1991.06.03"]
[EventType "tourn"]
[EventRounds "9"]
[EventCountry "CAN"]

1. e4 c5 2. Nf3 Nc6 3. d4 cxd4 4. Nxd4 Nf6 5. Nc3 e6 6. Ndb5 Bb4 7. a3 Bxc3+ 8.
Nxc3 d5 9. exd5 exd5 10. Bd3 d4 11. Ne2 O-O 12. O-O Qd5 13. h3 Re8 14. Bf4 Bf5
15. Ng3 Bg6 16. Bxg6 hxg6 17. Qd3 g5 18. Bd2 g6 19. Rad1 g4 20. hxg4 Nxg4 21.
f3 Nf6 22. Be1 Rad8 23. Bf2 Qg5 24. Rfe1 Rxe1+ 25. Rxe1 Ne5 26. Qb3 d3 27. cxd3
Rxd3 28. Qxb7 Kg7 29. Qc7 Nfd7 30. Kf1 Qf4 31. Qc1 Qxc1 32. Rxc1 Rd2 33. Be1
Rd5 34. Rc7 Kh6 35. Rxa7 f5 36. Ne2 g5 37. Ra6+ Kh5 38. Ng3+ 1-0

[Event "Quebec-ch"]
[Site "Montreal CAN"]
[Date "1991.??.??"]
[Round "3"]
[White "Barbeau, Sylvain"]
[Black "Prahov, Valentin"]
[Result "1-0"]
[WhiteElo "2385"]
[BlackElo "2320"]
[PlyCount "105"]
[EventDate "1991.06.03"]
[EventType "tourn"]
[EventRounds "9"]
[EventCountry "CAN"]

1. c4 g6 2. Nc3 f5 3. d4 Nf6 4. g3 Bg7 5. Bg2 d6 6. Nh3 O-O 7. d5 c5 8. Nf4 Na6
9. O-O Nc7 10. Rb1 a6 11. b4 Nd7 12. Na4 cxb4 13. Rxb4 Rb8 14. Be3 b5 15. cxb5
Rxb5 16. Rxb5 axb5 17. Nb6 Nc5 18. Nxc8 Qxc8 19. Qb1 Qd7 20. Rc1 N7a6 21. Ne6
Rc8 22. Nxg7 Kxg7 23. Qb2+ Kf7 24. Bh6 Rg8 25. Qd4 Nc7 26. Qh4 Ra8 27. Be3 Kg8
28. Bxc5 dxc5 29. d6 exd6 30. Bxa8 Nxa8 31. Rc3 Nc7 32. Ra3 Ne8 33. Ra8 Qe6 34.
Qd8 Kf8 35. e3 b4 36. Ra7 h5 37. Qg5 Qf6 38. Qxf6+ Nxf6 39. Kf1 Ne4 40. Ke2 c4
41. f3 Nc5 42. Kd2 Nd3 43. Rd7 Ne5 44. Rxd6 Nxf3+ 45. Ke2 Nxh2 46. Rb6 Ng4 47.
Rxb4 Ne5 48. Rb5 Nf7 49. a4 Nd6 50. Rb8+ Ke7 51. a5 Kd7 52. a6 Nc8 53. a7 1-0

[Event "Quebec-ch"]
[Site "Montreal CAN"]
[Date "1991.??.??"]
[Round "9"]
[White "Barbeau, Sylvain"]
[Black "Ross, Dave"]
[Result "1-0"]
[WhiteElo "2385"]
[BlackElo "2330"]
[PlyCount "71"]
[EventDate "1991.06.03"]
[EventType "tourn"]
[EventRounds "9"]
[EventCountry "CAN"]

1. d4 f5 2. g3 Nf6 3. Bg2 g6 4. c4 Bg7 5. Nc3 O-O 6. Nh3 d6 7. d5 Na6 8. Nf4
Qe8 9. O-O Bd7 10. Rb1 c6 11. b3 Nc7 12. Bb2 Qf7 13. Qd2 Rad8 14. Rbd1 Rb8 15.
b4 Bh6 16. e3 g5 17. Nfe2 f4 18. exf4 gxf4 19. Nxf4 Nh5 20. Nce2 Nxf4 21. Nxf4
Bxf4 22. gxf4 Qxf4 23. Qc3 Rf6 24. Rd3 cxd5 25. cxd5 Nb5 26. Rg3+ Kh8 27. Qc1
Qh4 28. Qe3 Re8 29. a4 Nc7 30. Rc1 Na8 31. a5 Bb5 32. Bf1 Bxf1 33. Qxe7 Qxg3+
34. hxg3 Rxe7 35. Bxf6+ Rg7 36. Rc8# 1-0